000 00304nam a22001337a 4500
008 180109b xxu||||| |||| 00| 0 eng d
020 _a0198245289
041 _aeng
080 _a101
100 _a24
101 _aFIL
245 _aDESCARTES CONVERSATION WITH BURMAN
_cCOTTINGHAM,J
942 _2udc
_cBK
999 _c39916
_d39916